000 00777nam a2200289Ia 4500
005 20260324113927.0
008 008 260324s9999 xx 000 0 eng d
020 _a9781003282693
037 _aEBOOK
040 _aCRL
040 _beng
040 _cCRL
041 _2eng
041 _aeng
084 _qCRL
100 _aJosaphat Tetuko Sri Sumantyo; Ming Yam Chua; Cahya Edi Santosa; Yuta Izumi
_91148736
245 0 _aAirborne Circularly Polarized SAR
245 0 _bTheory, System Design, Hardware Implementation, and Applications
260 _bTaylor and Francis
260 _c2023
365 _a
365 _b290
856 _uhttp://www.taylorfrancis.com/books/9781003282693
942 _cEBOOK
999 _c1738644
_d1738644